[Event "DSJ Weihnachtsturnier U20 2020"]
[Site "https://play.chessbase.com/en/play?room=DSJWeihnachtU20"]
[Date "2020.12.29"]
[Round "7"]
[White "Ortmeier, Leonhard"]
[Black "Weidenhöfer, Max"]
[Result "1-0"]
[Termination "normal"]
[Board "16.1"]
[WhiteTitle "FM"]
[WhiteElo "2290"]
[BlackElo "1763"]
[WhiteTeam "Schachklub Münster 32"]
[BlackTeam "TuS Varrel"]
[PlyCount "85"]
[WhiteFideId "12993662"]
[BlackFideId "16230566"]
[EventRounds "7"]
[EventType "team-swiss"]
[EventDate "2020.12.29"]

1. Nf3 {[%emt 0:00:22]} d5 {[%emt 0:00:12]} 2. g3 {[%emt 0:00:02]} e6 {[%emt
0:00:21]} 3. Bg2 {[%emt 0:00:02]} f5 {[%emt 0:00:05]} 4. b3 {[%emt 0:00:02]}
Nf6 {[%emt 0:00:02]} 5. Bb2 {[%emt 0:00:01]} Bd6 {[%emt 0:00:11]} 6. c4 {[%emt
0:00:05]} c6 {[%emt 0:00:02]} 7. O-O {[%emt 0:00:09]} O-O {[%emt 0:00:03]} 8.
Nc3 {[%emt 0:00:03]} Bd7 {[%emt 0:00:05]} 9. d4 {[%emt 0:00:02]} Ne4 {[%emt
0:00:04]} 10. Nd2 {[%emt 0:00:03]} Be8 {[%emt 0:00:04]} 11. f3 {[%emt 0:00:04]}
Nxd2 {[%emt 0:00:26]} 12. Qxd2 {[%emt 0:00:03]} f4 {[%emt 0:00:02]} 13. gxf4 {
[%emt 0:00:26]} Bxf4 {[%emt 0:00:00]} 14. e3 {[%emt 0:00:02]} Bd6 {[%emt
0:00:09]} 15. e4 {[%emt 0:00:07]} Bf4 {[%emt 0:00:06]} 16. Qe1 {[%emt 0:00:32]}
Rf6 {[%emt 0:00:17]} 17. cxd5 {[%emt 0:00:20]} cxd5 {[%emt 0:00:04]} 18. exd5 {
[%emt 0:00:02]} Rh6 {[%emt 0:00:10]} 19. h3 {[%emt 0:00:10]} Qd6 {[%emt
0:00:24]} 20. Bc1 {[%emt 0:00:27]} Bg3 {[%emt 0:00:06]} 21. Qe4 {[%emt
0:00:27]} Rg6 {[%emt 0:00:33]} 22. Ne2 {[%emt 0:00:43]} Bh2+ {[%emt 0:00:07]}
23. Kh1 { [%emt 0:00:11]} Bb5 {[%emt 0:00:01]} 24. a4 {[%emt 0:01:47]} Bxe2
{[%emt 0:00:29]} 25. Qxe2 {[%emt 0:00:00]} Nd7 {[%emt 0:00:04]} 26. Ba3 {[%emt
0:00:08]} Qf4 {[%emt 0:00:17]} 27. dxe6 {[%emt 0:00:06]} Nf6 {[%emt 0:00:05]}
28. Qe5 { [%emt 0:00:35]} Nh5 {[%emt 0:01:24] Muenst1-001 reconnected.} 29.
Qxh5 { [%emt 0:00:36]} Qd2 {[%emt 0:00:39]} 30. Qxg6 {[%emt 0:00:26]} hxg6
{[%emt 0:00:09]} 31. Kxh2 {[%emt 0:00:02]} Qf4+ {[%emt 0:00:08]} 32. Kh1 {[%emt
0:00:06] } Re8 {[%emt 0:00:10]} 33. e7 {[%emt 0:00:01]} Qxd4 {[%emt 0:00:20]}
34. Rad1 { [%emt 0:00:04]} Qb6 {[%emt 0:00:14]} 35. Rd3 {[%emt 0:00:15]} Qa6
{[%emt 0:00:22]} 36. Rfd1 {[%emt 0:00:08]} Kf7 {[%emt 0:00:10]} 37. Rd7 {[%emt
0:00:24]} Qe6 {[%emt 0:00:13]} 38. f4 {[%emt 0:00:10]} Qe3 {[%emt 0:00:11]} 39.
Rd8 { [%emt 0:00:19]} Rxe7 {[%emt 0:00:09]} 40. Bxe7 {[%emt 0:00:00]} Kxe7
{[%emt 0:00:01]} 41. R1d7+ {[%emt 0:00:09]} Kf6 {[%emt 0:00:02]} 42. Rf8+
{[%emt 0:00:03]} Ke6 {[%emt 0:00:05]} 43. Re8+ {[%emt 0:00:02]} 1-0

[Event "DSJ Weihnachtsturnier U20 2020"]
[Site "https://play.chessbase.com/en/play?room=DSJWeihnachtU20"]
[Date "2020.12.29"]
[Round "7"]
[White "Rehpenn, Tom"]
[Black "Kamp, Adrian"]
[Result "0-1"]
[Termination "normal"]
[Board "16.2"]
[WhiteElo "1419"]
[BlackElo "1982"]
[WhiteTeam "TuS Varrel"]
[BlackTeam "Schachklub Münster 32"]
[PlyCount "106"]
[WhiteFideId "16254708"]
[BlackFideId "16222466"]
[EventRounds "7"]
[EventType "team-swiss"]
[EventDate "2020.12.29"]

1. e4 {[%emt 0:00:14]} c5 {[%emt 0:00:02]} 2. Nf3 {[%emt 0:00:03]} Nc6 { [%emt
0:00:03]} 3. Bb5 {[%emt 0:00:09]} g6 {[%emt 0:00:04]} 4. d3 {[%emt 0:00:09]}
Bg7 {[%emt 0:00:05]} 5. Bf4 {[%emt 0:00:08]} Qa5+ {[%emt 0:00:16]} 6. Nc3
{[%emt 0:00:13]} Bxc3+ {[%emt 0:00:03]} 7. bxc3 {[%emt 0:00:14]} Qxb5 {[%emt
0:00:11]} 8. Rb1 {[%emt 0:00:03]} Qa5 {[%emt 0:00:02]} 9. Bd2 {[%emt 0:00:17]}
Nf6 {[%emt 0:00:09]} 10. c4 {[%emt 0:00:06]} Qc7 {[%emt 0:00:05]} 11. O-O {
[%emt 0:00:15]} O-O {[%emt 0:00:03]} 12. Bh6 {[%emt 0:00:19]} Re8 {[%emt
0:00:12]} 13. Re1 {[%emt 0:00:20]} d6 {[%emt 0:00:04]} 14. Qd2 {[%emt 0:00:31]}
Bg4 {[%emt 0:01:07]} 15. Qf4 {[%emt 0:00:24]} Bxf3 {[%emt 0:00:07]} 16. Qxf3 {
[%emt 0:00:11]} Nd4 {[%emt 0:00:04]} 17. Qd1 {[%emt 0:00:24]} a6 {[%emt
0:00:35]} 18. c3 {[%emt 0:00:21]} Ne6 {[%emt 0:00:09]} 19. Qe2 {[%emt 0:01:01]}
Rab8 {[%emt 0:00:13]} 20. e5 {[%emt 0:00:12]} dxe5 {[%emt 0:00:17]} 21. Qxe5 {
[%emt 0:00:04]} Qxe5 {[%emt 0:00:00]} 22. Rxe5 {[%emt 0:00:03]} Ng4 {[%emt
0:00:01]} 23. Rxe6 {[%emt 0:00:20]} fxe6 {[%emt 0:00:03]} 24. Bg5 {[%emt
0:00:03] } Rbd8 {[%emt 0:00:16]} 25. Rd1 {[%emt 0:00:25]} Ne5 {[%emt 0:00:09]}
26. d4 { [%emt 0:00:21]} Nxc4 {[%emt 0:00:07]} 27. h3 {[%emt 0:00:20]} cxd4
{[%emt 0:00:05]} 28. cxd4 {[%emt 0:00:05]} Rd5 {[%emt 0:00:04]} 29. Bf4 {[%emt
0:00:14]} Red8 {[%emt 0:00:07]} 30. Be3 {[%emt 0:00:10]} Nxe3 {[%emt 0:00:08]}
31. fxe3 { [%emt 0:00:02]} e5 {[%emt 0:00:00]} 32. Rb1 {[%emt 0:00:13]} exd4
{[%emt 0:00:02]} 33. exd4 {[%emt 0:00:03]} Rxd4 {[%emt 0:00:00]} 34. Rxb7
{[%emt 0:00:02]} R8d7 {[%emt 0:00:02]} 35. Rb6 {[%emt 0:00:04]} Ra4 {[%emt
0:00:03]} 36. Rb8+ { [%emt 0:00:05]} Kg7 {[%emt 0:00:02]} 37. Rb2 {[%emt
0:00:04]} Rd1+ {[%emt 0:00:03]} 38. Kh2 {[%emt 0:00:02]} Ra1 {[%emt 0:00:03]}
39. Rb7 {[%emt 0:00:05]} Kf7 {[%emt 0:00:02]} 40. Kg3 {[%emt 0:00:05]} R1xa2
{[%emt 0:00:03]} 41. h4 { [%emt 0:00:02]} R4a3+ {[%emt 0:00:04]} 42. Kg4 {[%emt
0:00:03]} Rxg2+ {[%emt 0:00:02]} 43. Kf4 {[%emt 0:00:03]} Rh2 {[%emt 0:00:05]}
44. Kg4 {[%emt 0:00:12]} Ra4+ {[%emt 0:00:03]} 45. Kg3 {[%emt 0:00:04]} Rhxh4
{[%emt 0:00:02]} 46. Rb6 { [%emt 0:00:04]} Rhc4 {[%emt 0:00:03]} 47. Rb3 {[%emt
0:00:17]} h5 {[%emt 0:00:03]} 48. Rf3+ {[%emt 0:00:04]} Kg7 {[%emt 0:00:03]}
49. Re3 {[%emt 0:00:03]} h4+ {[%emt 0:00:04]} 50. Kh3 {[%emt 0:00:02]} Kf6
{[%emt 0:00:02]} 51. Rf3+ { [%emt 0:00:02]} Rf4 {[%emt 0:00:01]} 52. Re3 {[%emt
0:00:03]} Rg4 {[%emt 0:00:08]} 53. Rf3+ {[%emt 0:00:09]} Raf4 {[%emt 0:00:04]}
0-1

[Event "DSJ Weihnachtsturnier U20 2020"]
[Site "https://play.chessbase.com/en/play?room=DSJWeihnachtU20"]
[Date "2020.12.29"]
[Round "7"]
[White "Schelhorn, Paul"]
[Black "Rietschel, Tilo"]
[Result "1-0"]
[Termination "normal"]
[Board "17.1"]
[WhiteElo "1730"]
[BlackElo "2066"]
[WhiteTeam "Schachfreunde 1974 Heinsberg"]
[BlackTeam "Lübecker SV von 1873"]
[PlyCount "63"]
[WhiteFideId "12964077"]
[BlackFideId "16208390"]
[EventRounds "7"]
[EventType "team-swiss"]
[EventDate "2020.12.29"]

1. Nf3 {[%emt 0:00:08]} Nf6 {[%emt 0:01:42]} 2. d4 {[%emt 0:00:05]} g6 { [%emt
0:00:01]} 3. c4 {[%emt 0:00:01]} Bg7 {[%emt 0:00:01]} 4. Nc3 {[%emt 0:00:00]}
O-O {[%emt 0:00:01]} 5. g3 {[%emt 0:00:00]} d6 {[%emt 0:00:00]} 6. Bg2 { [%emt
0:00:01]} Nbd7 {[%emt 0:00:01]} 7. O-O {[%emt 0:00:01]} c5 {[%emt 0:00:02]} 8.
b3 {[%emt 0:00:06]} a6 {[%emt 0:00:02]} 9. Bb2 {[%emt 0:00:01]} Rb8 { [%emt
0:00:03]} 10. e4 {[%emt 0:00:05]} b5 {[%emt 0:00:03]} 11. e5 {[%emt 0:01:25]}
Ne8 {[%emt 0:04:43]} 12. cxb5 {[%emt 0:00:55]} axb5 {[%emt 0:00:02]} 13. dxc5
{[%emt 0:00:07]} Nxc5 {[%emt 0:00:21]} 14. Nd4 {[%emt 0:00:55]} Bd7 { [%emt
0:00:08]} 15. exd6 {[%emt 0:00:41]} Nxd6 {[%emt 0:00:00]} 16. Nd5 { [%emt
0:00:12]} Ne6 {[%emt 0:00:17]} 17. Re1 {[%emt 0:00:06]} Nxd4 {[%emt 0:00:02]}
18. Nxe7+ {[%emt 0:00:22]} Kh8 {[%emt 0:00:02]} 19. Bxd4 {[%emt 0:00:05]} Nf5
{[%emt 0:00:15]} 20. Ba7 {[%emt 0:00:19]} Nxe7 {[%emt 0:00:14]} 21. Bxb8 {
[%emt 0:00:15]} Qxb8 {[%emt 0:00:35]} 22. Rxe7 {[%emt 0:00:04]} Be6 {[%emt
0:00:06]} 23. Rc1 {[%emt 0:00:06]} Rd8 {[%emt 0:00:03]} 24. Qf3 {[%emt
0:00:16]} Qe5 {[%emt 0:00:35]} 25. Rd1 {[%emt 0:00:06]} Rc8 {[%emt 0:00:06]}
26. Bh3 { [%emt 0:01:16]} Bxh3 {[%emt 0:00:37]} 27. Rxe5 {[%emt 0:00:03]} Bxe5
{[%emt 0:00:00]} 28. g4 {[%emt 0:00:12]} Rc3 {[%emt 0:00:10]} 29. Qxf7 {[%emt
0:00:06]} Bd6 {[%emt 0:00:36]} 30. Qf6+ {[%emt 0:00:04]} Kg8 {[%emt 0:00:01]}
31. Qxc3 { [%emt 0:00:01]} Bxg4 {[%emt 0:00:02]} 32. Rxd6 {[%emt 0:00:02]} 1-0

[Event "DSJ Weihnachtsturnier U20 2020"]
[Site "https://play.chessbase.com/en/play?room=DSJWeihnachtU20"]
[Date "2020.12.29"]
[Round "7"]
[White "Mundt, Alexandra"]
[Black "Benz, Leon"]
[Result "1-0"]
[Termination "normal"]
[Board "17.2"]
[WhiteElo "1768"]
[BlackElo "1639"]
[WhiteTeam "Lübecker SV von 1873"]
[BlackTeam "Schachfreunde 1974 Heinsberg"]
[PlyCount "45"]
[WhiteFideId "16217276"]
[BlackFideId "16294602"]
[EventRounds "7"]
[EventType "team-swiss"]
[EventDate "2020.12.29"]

1. e4 {[%emt 0:00:12]} c6 {[%emt 0:00:11]} 2. d4 {[%emt 0:00:07]} d5 {[%emt
0:00:03]} 3. Nd2 {[%emt 0:00:04]} c5 {[%emt 0:00:22]} 4. dxc5 {[%emt 0:00:21]}
e5 {[%emt 0:00:03]} 5. Bb5+ {[%emt 0:00:07]} Nd7 {[%emt 0:00:03]} 6. exd5 {
[%emt 0:00:10]} Bxc5 {[%emt 0:00:08]} 7. Ngf3 {[%emt 0:00:02]} a6 {[%emt
0:00:17]} 8. Ba4 {[%emt 0:00:05]} b5 {[%emt 0:00:05]} 9. Bb3 {[%emt 0:00:02]}
Ngf6 { [%emt 0:00:05]} 10. O-O {[%emt 0:00:14]} Nb6 {[%emt 0:00:19]} 11. Qe2
{[%emt 0:00:09]} O-O {[%emt 0:00:19]} 12. Ne4 {[%emt 0:00:34]} Nbxd5 {[%emt
0:00:27]} 13. Nxc5 {[%emt 0:00:06]} Bg4 {[%emt 0:00:26]} 14. h3 {[%emt
0:00:20]} Bh5 { [%emt 0:00:07]} 15. Bg5 {[%emt 0:00:07]} Qb6 {[%emt 0:00:24]}
16. Bxd5 { [%emt 0:00:09]} Nxd5 {[%emt 0:00:16]} 17. Nd7 {[%emt 0:00:01]} Bxf3
{[%emt 0:00:15]} 18. Qxf3 {[%emt 0:00:06]} Qg6 {[%emt 0:00:12]} 19. Nxf8 {[%emt
0:00:05] } Qxg5 {[%emt 0:00:09]} 20. Qxd5 {[%emt 0:00:02]} Rxf8 {[%emt
0:00:07]} 21. Rfe1 {[%emt 0:00:03]} Re8 {[%emt 0:00:06]} 22. Qc6 {[%emt
0:00:06]} Qd2 { [%emt 0:00:16]} 23. Qxe8# {[%emt 0:00:02]} 1-0

[Event "DSJ Weihnachtsturnier U20 2020"]
[Site "https://play.chessbase.com/en/play?room=DSJWeihnachtU20"]
[Date "2020.12.29"]
[Round "7"]
[White "Nishchyk, Sergej"]
[Black "Kroschel, Anton"]
[Result "0-1"]
[Termination "time forfeit"]
[Board "17.3"]
[WhiteElo "1258"]
[BlackElo "1754"]
[WhiteTeam "Schachfreunde 1974 Heinsberg"]
[BlackTeam "Lübecker SV von 1873"]
[PlyCount "56"]
[BlackFideId "12969834"]
[EventRounds "7"]
[EventType "team-swiss"]
[EventDate "2020.12.29"]

1. d4 {[%emt 0:00:03] TimeB Restarted B (13.22e) Restarted W (13.22e) OK OK}
Nf6 {[%emt 0:00:05]} 2. c4 {[%emt 0:00:02]} e6 {[%emt 0:00:04]} 3. Nc3 { [%emt
0:00:03]} c5 {[%emt 0:00:01]} 4. Nf3 {[%emt 0:00:04]} cxd4 {[%emt 0:00:06]} 5.
Nxd4 {[%emt 0:00:02]} Nc6 {[%emt 0:00:16]} 6. g3 {[%emt 0:00:30]} a6 { [%emt
0:00:09]} 7. Bg2 {[%emt 0:00:22]} Qc7 {[%emt 0:00:16]} 8. O-O {[%emt 0:01:05]}
Nxd4 {[%emt 0:00:07]} 9. Qxd4 {[%emt 0:00:03]} Bc5 {[%emt 0:00:01]} 10. Qd3
{[%emt 0:00:11]} Rb8 {[%emt 0:00:29]} 11. a3 {[%emt 0:00:06]} b6 {[%emt
0:00:18]} 12. b4 {[%emt 0:00:09]} Be7 {[%emt 0:00:01]} 13. Bb2 {[%emt 0:01:20]}
O-O {[%emt 0:00:12]} 14. Ne4 {[%emt 0:00:25]} Nxe4 {[%emt 0:00:11]} 15. Bxe4 {
[%emt 0:00:02]} h6 {[%emt 0:00:01]} 16. Rac1 {[%emt 0:00:04]} Bb7 {[%emt
0:00:02]} 17. Bxb7 {[%emt 0:00:47]} Rxb7 {[%emt 0:00:04]} 18. Rfd1 {[%emt
0:00:12]} d6 {[%emt 0:00:03]} 19. Qe3 {[%emt 0:00:53]} Bg5 {[%emt 0:00:57]} 20.
Qc3 { [%emt 0:00:31]} Bf6 {[%emt 0:00:02]} 21. Qb3 {[%emt 0:00:08]} Bxb2 {[%emt
0:00:06]} 22. Qxb2 {[%emt 0:00:02]} Rd8 {[%emt 0:00:04]} 23. Qc3 {[%emt
0:01:37] Heinsberg003 offers a draw} Qe7 {[%emt 0:02:08]} 24. Qf3 {[%emt
0:00:23]} Rc7 { [%emt 0:00:08]} 25. Qb3 {[%emt 0:00:40]} Rdc8 {[%emt 0:00:07]}
26. Rc2 { [%emt 0:00:25]} d5 {[%emt 0:00:41]} 27. cxd5 {[%emt 0:00:21]} Rxc2
{[%emt 0:00:08]} 28. dxe6 {[%emt 0:00:12]} Qxe6 {[%emt 0:00:08]} 0-1

[Event "DSJ Weihnachtsturnier U20 2020"]
[Site "https://play.chessbase.com/en/play?room=DSJWeihnachtU20"]
[Date "2020.12.29"]
[Round "7"]
[White "Stülcken, Philipp"]
[Black "Kerssemeekers, Nick"]
[Result "1-0"]
[Termination "normal"]
[Board "17.4"]
[WhiteElo "1459"]
[BlackElo "1072"]
[WhiteTeam "Lübecker SV von 1873"]
[BlackTeam "Schachfreunde 1974 Heinsberg"]
[PlyCount "103"]
[WhiteFideId "12986232"]
[EventRounds "7"]
[EventType "team-swiss"]
[EventDate "2020.12.29"]

1. e4 {[%emt 0:00:05]} e6 {[%emt 0:00:04]} 2. d4 {[%emt 0:00:03]} d5 {[%emt
0:00:01]} 3. Nd2 {[%emt 0:00:02]} Nc6 {[%emt 0:00:09]} 4. c3 {[%emt 0:00:06]}
Nf6 {[%emt 0:00:12]} 5. e5 {[%emt 0:00:02]} Nd7 {[%emt 0:00:12]} 6. f4 {[%emt
0:00:14]} b6 {[%emt 0:00:02]} 7. Ne2 {[%emt 0:00:03]} Ba6 {[%emt 0:00:05]} 8.
Nf3 { [%emt 0:00:03]} f6 {[%emt 0:00:53]} 9. g3 {[%emt 0:00:08]} fxe5 {[%emt
0:00:08] } 10. fxe5 {[%emt 0:00:01]} Qe7 {[%emt 0:00:35]} 11. Bg5 {[%emt
0:00:03]} Qf7 { [%emt 0:00:09]} 12. Bg2 {[%emt 0:00:10]} h6 {[%emt 0:00:04]}
13. Be3 {[%emt 0:00:06]} O-O-O {[%emt 0:00:02]} 14. O-O {[%emt 0:00:05]} Na5
{[%emt 0:00:54]} 15. b3 {[%emt 0:00:23]} Ba3 {[%emt 0:00:50]} 16. Qc2 {[%emt
0:00:22]} Be7 { [%emt 0:00:28]} 17. Rf2 {[%emt 0:00:10]} Rdf8 {[%emt 0:00:08]}
18. Nf4 { [%emt 0:00:04]} g5 {[%emt 0:00:23]} 19. Ng6 {[%emt 0:00:04]} Rhg8
{[%emt 0:00:20]} 20. Nxf8 {[%emt 0:00:02]} Rxf8 {[%emt 0:00:01]} 21. Nxg5
{[%emt 0:00:26]} Qg8 {[%emt 0:00:35]} 22. Rxf8+ {[%emt 0:00:06]} Qxf8 {[%emt
0:00:03]} 23. Nxe6 {[%emt 0:00:03]} Qf7 {[%emt 0:01:05]} 24. Bxd5 {[%emt
0:00:08]} c6 {[%emt 0:00:29]} 25. Ng5 {[%emt 0:00:49]} Qf8 {[%emt 0:00:48]} 26.
e6 {[%emt 0:00:19]} cxd5 {[%emt 0:00:43]} 27. exd7+ {[%emt 0:00:02]} Kxd7
{[%emt 0:00:01]} 28. Qg6 { [%emt 0:00:21]} hxg5 {[%emt 0:00:04]} 29. Bxg5
{[%emt 0:00:05]} Bxg5 {[%emt 0:00:03]} 30. Qxg5 {[%emt 0:00:02]} Nc6 {[%emt
0:00:12]} 31. h4 {[%emt 0:00:11]} Ne7 {[%emt 0:00:05]} 32. h5 {[%emt 0:00:05]}
Bd3 {[%emt 0:00:20]} 33. h6 { [%emt 0:00:25]} Qf3 {[%emt 0:00:40]} 34. Re1
{[%emt 0:00:16]} Be4 {[%emt 0:00:07]} 35. Rxe4 {[%emt 0:00:14]} Qxe4 {[%emt
0:00:03]} 36. Qd2 {[%emt 0:00:29]} Qg6 {[%emt 0:00:06]} 37. Kg2 {[%emt
0:00:03]} Ng8 {[%emt 0:00:01]} 38. Qf4 { [%emt 0:00:15]} Nxh6 {[%emt 0:00:01]}
39. Qb8 {[%emt 0:00:04]} Nf5 {[%emt 0:00:01]} 40. Qxa7+ {[%emt 0:00:02]} Kd6
{[%emt 0:00:02]} 41. Qxb6+ {[%emt 0:00:03]} Ke7 {[%emt 0:00:01]} 42. Qxg6
{[%emt 0:00:01]} Kd7 {[%emt 0:00:00]} 43. Qxf5+ { [%emt 0:00:01]} Kc6 {[%emt
0:00:01]} 44. g4 {[%emt 0:00:01]} Kd6 {[%emt 0:00:02]} 45. g5 {[%emt 0:00:01]}
Ke7 {[%emt 0:00:01]} 46. g6 {[%emt 0:00:01]} Kd6 { [%emt 0:00:00]} 47. g7
{[%emt 0:00:02]} Kc6 {[%emt 0:00:00]} 48. g8=Q {[%emt 0:00:02]} Kb5 {[%emt
0:00:01]} 49. Qfxd5+ {[%emt 0:00:04]} Kb6 {[%emt 0:00:01]} 50. Qge6+ {[%emt
0:00:01]} Kc7 {[%emt 0:00:01]} 51. Qdd7+ {[%emt 0:00:01]} Kb8 {[%emt 0:00:01]}
52. Qee8# {[%emt 0:00:00]} 1-0

[Event "DSJ Weihnachtsturnier U20 2020"]
[Site "https://play.chessbase.com/en/play?room=DSJWeihnachtU20"]
[Date "2020.12.29"]
[Round "7"]
[White "Gazizov, Max"]
[Black "Arndt, Magnus"]
[Result "0-1"]
[Termination "normal"]
[Board "18.1"]
[WhiteElo "1689"]
[BlackElo "2282"]
[WhiteTeam "Think Rochade - SC HRO"]
[BlackTeam "SK Doppelbauer Kiel"]
[PlyCount "52"]
[WhiteFideId "12951323"]
[BlackFideId "12998656"]
[EventRounds "7"]
[EventType "team-swiss"]
[EventDate "2020.12.29"]

1. d4 {[%emt 0:00:02]} b5 {[%emt 0:00:04]} 2. e4 {[%emt 0:00:05]} Bb7 {[%emt
0:00:02]} 3. Nd2 {[%emt 0:00:33]} a6 {[%emt 0:00:02]} 4. Ngf3 {[%emt 0:00:04]}
e6 {[%emt 0:00:02]} 5. Bd3 {[%emt 0:00:07]} d6 {[%emt 0:00:05]} 6. O-O {[%emt
0:00:06]} Nd7 {[%emt 0:00:01]} 7. a4 {[%emt 0:00:18]} b4 {[%emt 0:00:02]} 8. c3
{ [%emt 0:00:14]} c5 {[%emt 0:00:01]} 9. cxb4 {[%emt 0:00:54]} cxb4 {[%emt
0:00:03]} 10. a5 {[%emt 0:00:20]} Ngf6 {[%emt 0:00:02]} 11. Nb3 {[%emt
0:00:10]} Nxe4 {[%emt 0:00:07]} 12. Re1 {[%emt 0:00:20]} d5 {[%emt 0:00:08]}
13. Bf4 { [%emt 0:00:41]} Be7 {[%emt 0:00:04]} 14. Rc1 {[%emt 0:00:10]} Rc8
{[%emt 0:00:07]} 15. Bxe4 {[%emt 0:00:47]} dxe4 {[%emt 0:00:03]} 16. Nfd2
{[%emt 0:00:06]} Nf6 {[%emt 0:00:08]} 17. Nc4 {[%emt 0:00:48]} O-O {[%emt
0:00:14]} 18. Nb6 { [%emt 0:00:14]} Rxc1 {[%emt 0:00:01]} 19. Qxc1 {[%emt
0:00:05]} Nd5 {[%emt 0:00:01]} 20. Bg3 {[%emt 0:00:41]} Nxb6 {[%emt 0:00:19]}
21. Bc7 {[%emt 0:00:02]} Qd5 {[%emt 0:00:01]} 22. Bxb6 {[%emt 0:00:16]
Rochade1-001 reconnected. Rochade1-001 reconnected.} e3 {[%emt 0:00:39]} 23. f3
{[%emt 0:00:08] Rochade1-001 reconnected.} Qxb3 {[%emt 0:00:17]} 24. Qc7 {[%emt
0:00:21]} Qxb2 {[%emt 0:00:05]} 25. Qxe7 {[%emt 0:00:14]} Qf2+ {[%emt 0:00:03]}
26. Kh1 { [%emt 0:00:02]} Qxe1# {[%emt 0:00:00]} 0-1

[Event "DSJ Weihnachtsturnier U20 2020"]
[Site "https://play.chessbase.com/en/play?room=DSJWeihnachtU20"]
[Date "2020.12.29"]
[Round "7"]
[White "Nagy, Lukas"]
[Black "Wiese, Erik"]
[Result "1/2-1/2"]
[Termination "normal"]
[Board "18.2"]
[WhiteElo "1704"]
[BlackElo "1613"]
[WhiteTeam "SK Doppelbauer Kiel"]
[BlackTeam "Think Rochade - SC HRO"]
[PlyCount "140"]
[WhiteFideId "16246098"]
[BlackFideId "16271602"]
[EventRounds "7"]
[EventType "team-swiss"]
[EventDate "2020.12.29"]

1. e4 {[%emt 0:00:14]} c6 {[%emt 0:00:03]} 2. d4 { [%emt 0:00:02]} d5 {[%emt
0:00:01]} 3. exd5 {[%emt 0:00:04]} cxd5 {[%emt 0:00:01]} 4. Bd3 {[%emt
0:00:00]} Nc6 {[%emt 0:00:02]} 5. Ne2 {[%emt 0:00:06]} Nf6 { [%emt 0:00:15]} 6.
O-O {[%emt 0:00:04]} Bg4 {[%emt 0:00:08]} 7. c3 {[%emt 0:00:06]} e6 {[%emt
0:00:09]} 8. Bf4 {[%emt 0:00:04]} Bd6 {[%emt 0:00:12]} 9. Bxd6 { [%emt
0:00:01]} Qxd6 {[%emt 0:00:03]} 10. h3 {[%emt 0:00:02]} Bh5 {[%emt 0:00:05]}
11. Na3 {[%emt 0:00:06]} a6 {[%emt 0:00:14]} 12. Re1 {[%emt 0:00:02]} O-O
{[%emt 0:00:05]} 13. Qd2 {[%emt 0:00:04]} Bg6 {[%emt 0:00:13]} 14. Bxg6 { [%emt
0:00:07]} hxg6 {[%emt 0:00:02]} 15. Qf4 {[%emt 0:00:10]} Qd7 {[%emt 0:00:52]}
16. Rad1 {[%emt 0:00:11]} Nh5 {[%emt 0:00:39]} 17. Qf3 {[%emt 0:00:07]} Ne7
{[%emt 0:00:18]} 18. Nf4 {[%emt 0:00:06]} Nxf4 {[%emt 0:00:23]} 19. Qxf4 {
[%emt 0:00:00]} Nf5 {[%emt 0:00:01]} 20. Nc2 {[%emt 0:00:10]} Qa4 {[%emt
0:00:26]} 21. Nb4 {[%emt 0:00:34]} a5 {[%emt 0:00:30]} 22. b3 {[%emt 0:00:01]}
Qd7 { [%emt 0:00:02]} 23. Nd3 {[%emt 0:00:04]} b6 {[%emt 0:00:18]} 24. g4
{[%emt 0:00:10]} Nd6 {[%emt 0:00:15]} 25. Re3 {[%emt 0:00:15]} Rac8 {[%emt
0:00:14]} 26. Kg2 {[%emt 0:00:14]} Ne4 {[%emt 0:00:27]} 27. Rc1 {[%emt
0:00:21]} Qe7 { [%emt 0:00:56]} 28. Ne5 {[%emt 0:00:12]} g5 {[%emt 0:00:28]}
29. Qf3 {[%emt 0:00:09]} Nd2 {[%emt 0:00:22]} 30. Qe2 {[%emt 0:00:06]} Ne4
{[%emt 0:00:11]} 31. c4 {[%emt 0:00:06]} Nf6 {[%emt 0:00:16]} 32. Rec3 {[%emt
0:00:20]} Qb7 { [%emt 0:00:09]} 33. c5 {[%emt 0:00:13]} bxc5 {[%emt 0:00:14]}
34. Rxc5 { [%emt 0:00:00]} Rxc5 {[%emt 0:00:17]} 35. Rxc5 {[%emt 0:00:04]} Qb4
{[%emt 0:00:36]} 36. Qd3 {[%emt 0:00:20]} Ne4 {[%emt 0:00:03]} 37. Rb5 {[%emt
0:00:15]} Qe1 {[%emt 0:00:04]} 38. Qe3 {[%emt 0:00:04]} Qxe3 {[%emt 0:00:47]}
39. fxe3 { [%emt 0:00:00]} Ra8 {[%emt 0:00:05]} 40. a4 {[%emt 0:00:15]} Nc3
{[%emt 0:00:06]} 41. Rc5 {[%emt 0:00:01]} Ne4 {[%emt 0:00:03]} 42. Rb5 {[%emt
0:00:04]} Nc3 {[%emt 0:00:02]} 43. Rb7 {[%emt 0:00:03]} f6 {[%emt 0:00:14]} 44.
Nc6 {[%emt 0:00:01]} Kh7 {[%emt 0:00:07]} 45. Ra7 {[%emt 0:00:13]} Rc8 {[%emt
0:00:18]} 46. Nxa5 {[%emt 0:00:01]} Ne4 {[%emt 0:00:02] Rochade1-002 offers a
draw} 47. b4 { [%emt 0:00:29]} Rc2+ {[%emt 0:00:02]} 48. Kf1 {[%emt 0:00:05]}
Rf2+ {[%emt 0:00:03]} 49. Ke1 {[%emt 0:00:03]} Rh2 {[%emt 0:00:04]} 50. b5
{[%emt 0:00:01]} Rxh3 {[%emt 0:00:04]} 51. b6 {[%emt 0:00:06]} Rxe3+ {[%emt
0:00:02]} 52. Kd1 { [%emt 0:00:07]} Nd6 {[%emt 0:00:02]} 53. b7 {[%emt
0:00:04]} Nxb7 {[%emt 0:00:05]} 54. Nxb7 {[%emt 0:00:01]} Rd3+ {[%emt 0:00:01]}
55. Ke2 {[%emt 0:00:01]} Rxd4 {[%emt 0:00:01]} 56. Kf3 {[%emt 0:00:01]} Rd3+
{[%emt 0:00:01]} 57. Ke2 { [%emt 0:00:02]} Ra3 {[%emt 0:00:01]} 58. a5 {[%emt
0:00:01]} Kg6 {[%emt 0:00:01]} 59. a6 {[%emt 0:00:01]} f5 {[%emt 0:00:01]} 60.
gxf5+ {[%emt 0:00:01]} exf5 {[%emt 0:00:00]} 61. Nc5 {[%emt 0:00:02]} Kh5
{[%emt 0:00:01]} 62. Ne6 { [%emt 0:00:03]} g6 {[%emt 0:00:02]} 63. Ra8 {[%emt
0:00:08]} Kg4 {[%emt 0:00:01]} 64. a7 {[%emt 0:00:03]} Ra2+ {[%emt 0:00:01]}
65. Kd3 {[%emt 0:00:02]} Ra3+ {[%emt 0:00:01]} 66. Kd4 {[%emt 0:00:01]} f4
{[%emt 0:00:01]} 67. Nc5 { [%emt 0:00:13]} f3 {[%emt 0:00:02]} 68. Nd3 {[%emt
0:00:05]} Kg3 {[%emt 0:00:05]} 69. Rg8 {[%emt 0:00:36]} Rxa7 {[%emt 0:00:04]}
70. Rxg6 {[%emt 0:00:02]} g4 {[%emt 0:00:01] Rochade1-002 offers a draw}
1/2-1/2